00874nam a22002177a 4500003000500000005001700005008004100022010001100063011001100074035001100085040000900096100002800105245019800133260004000331500006000371502006900431650004000500650001600540700003600556856006400592CHAP20220329143920.0200812s2012 mx r 00010 spa d a103690 a104662 a115352 cCHAP1 aEstrada Ibarra, Asucena10aSistema de cómputo para la identificaión de taxones del género pinus (Pinaceae) en bosques naturales de Méxicoh[En línea]c/por Asucena Estrada Ibarra y Martín Alberto Uribe Vargas aChapingo, Méx. :bEl autor,c2012 aPara ver el contenido del material haga clic en la liga aTesis (Ing. Forestal) -- UACH. División de Ciencias Forestales04aBosquesxSistemas de información.04aPináceas.1 aUribe Vargas, Martín Alberto. 3Finding aiduhttp://10.13.5.2/tesis/115352.pdfzTeclea aqui